[Event "NED-ch U16 op"]
[Site "Borne"]
[Date "2013.08.10"]
[Round "9"]
[White "Sanders, Laurens"]
[Black "Naber, Quirine"]
[Result "0-1"]
[WhiteElo "1030"]
[BlackElo "1447"]
[PlyCount "46"]
[EventDate "2013.08.05"]
[EventType "swiss"]
[EventRounds "9"]
[EventCountry "NED"]
[SourceTitle "EXT 2015"]
[Source "ChessBase"]
[SourceDate "2014.11.20"]
[SourceVersion "1"]
[SourceVersionDate "2014.11.20"]
[SourceQuality "1"]

1. e4 d5 2. exd5 Qxd5 3. Nc3 Qa5 4. Bc4 Nf6 5. d3 c6 6. Nf3 Bg4 7. h3 Bh5 8. 0-0 Nbd7 9. d4 e6 10. Re1 Be7 11. Qd3 Bg6 12. Qe2 Nd5 13. Nxd5 cxd5 14. b4 Bxb4 15. Bxd5 Qxd5 16. Rd1 Bc3 17. Rb1 0-0 18. Ne5 Nxe5 19. dxe5 Qxa2 20. Rxb7 Qxc2 21. Qg4 Bf5 22. Qh5 Bg6 23. Qg4 h5 0-1

[Event "NED-ch U16 op"]
[Site "Borne"]
[Date "2013.08.09"]
[Round "8"]
[White "Joosten, Thijs"]
[Black "Sanders, Laurens"]
[Result "0-1"]
[WhiteElo "1210"]
[BlackElo "1030"]
[PlyCount "64"]
[EventDate "2013.08.05"]
[EventType "swiss"]
[EventRounds "9"]
[EventCountry "NED"]
[SourceTitle "EXT 2015"]
[Source "ChessBase"]
[SourceDate "2014.11.20"]
[SourceVersion "1"]
[SourceVersionDate "2014.11.20"]
[SourceQuality "1"]

1. e4 c6 2. Nf3 d5 3. exd5 cxd5 4. d4 Bf5 5. Nc3 e6 6. Bb5+ Nd7 7. 0-0 a6 8. Bd3 Bxd3 9. Qxd3 Ngf6 10. Bf4 Bb4 11. a3 Bxc3 12. Qxc3 0-0 13. Bg5 h6 14. Bf4 Qb6 15. b3 Ne4 16. Qe3 Ndf6 17. h3 Rac8 18. Rac1 Rc3 19. Qe2 Rfc8 20. Rfd1 Qc6 21. Ne1 Nd6 22. f3 Nb5 23. a4 Na3 24. Bd2 Rxc2 25. Nxc2 Nxc2 26. Be3 Nh5 27. Qf2 Qc3 28. Rd2 Nxe3 29. Rxc3 Rxc3 30. Rb2 Rc1+ 31. Kh2 Nf1+ 32. Kg1 Nfg3+ 0-1